Women and property rights in Kenya/ (Record no. 4276)

000 -LEADER
fixed length control field 00385nam a22001457a 4500
003 - CONTROL NUMBER IDENTIFIER
control field OSt
005 - DATE AND TIME OF LATEST TRANSACTION
control field 20210713100413.0
008 - FIXED-LENGTH DATA ELEMENTS--GENERAL INFORMATION
fixed length control field 210713b xxu||||| |||| 00| 0 eng d
050 ## - LIBRARY OF CONGRESS CALL NUMBER
Classification number RUSC HQ1236.5.K4.M643 2019
100 ## - MAIN ENTRY--PERSONAL NAME
Personal name Mohammed, A. Yahya
245 ## - TITLE STATEMENT
Title Women and property rights in Kenya/
Statement of responsibility, etc Yahya A. Mohammed
260 ## - PUBLICATION, DISTRIBUTION, ETC. (IMPRINT)
Place of publication, distribution, etc Nairobi
Date of publication, distribution, etc 2019
300 ## - PHYSICAL DESCRIPTION
Extent vi, 34 p:
942 ## - ADDED ENTRY ELEMENTS (KOHA)
Source of classification or shelving scheme
Koha item type Research Project
Holdings
Withdrawn status Lost status Source of classification or shelving scheme Damaged status Not for loan Home library Current library Shelving location Date acquired Total Checkouts Full call number Barcode Date last seen Price effective from Koha item type
          Riara University Library Riara University Library Special Collection 13/07/2021   RUSC HQ1236.5.K4.M643 2019 10509/21 13/07/2021 13/07/2021 Research Project

Riara University Library,
P.O. Box 49940-00100,
Nairobi, Kenya.